000 00390nam a2200157Ia 4500
100 _aJoshi/ Lakshmanan Shastri
650 _aGeneral
490 _vI
942 _cRB
654 _aMarthi Vishwakosh .( Dictonary)
245 _aMarathi Vishwakosh ( Dictonary)
260 _bMaharashtra Rajya Sahahatya Sanskruti.
_aMumbai
_c1976
082 _a39.9
300 _a1028
546 _aMARATHI
999 _c21850
_d21850